Tyre development and application (Record no. 71649)

MARC details
000 -LEADER
fixed length control field 00375nam a2200133Ia 4500
100 ## - MAIN ENTRY--AUTHOR NAME
Personal name French T
245 #0 - TITLE STATEMENT
Title Tyre development and application
260 ## - PUBLICATION, DISTRIBUTION, ETC. (IMPRINT)
Name of publisher Proceedings of the International Rubber Conference, London, 1967, p377-388
650 ## - SUBJECT ADDED ENTRY--TOPICAL TERM
Topical Term Pneumatic tyres
650 ## - SUBJECT ADDED ENTRY--TOPICAL TERM
Topical Term Tyre
700 ## - ADDED ENTRY--PERSONAL NAME
Personal name Hofferberth W
942 ## - ADDED ENTRY ELEMENTS (KOHA)
Koha item type Journals
Holdings
Withdrawn status Lost status Damaged status Not for loan Home library Current library Shelving location Date acquired Koha item type
      Journals RRII Library RRII Library Rubber general 17/12/2021 Journals